000 00308nam a2200133Ia 4500
008 191201s2019 xx 000 0 und d
100 _aSARNGADHARAN, M
245 0 _aFinancial Analysis for Management Decisions
260 _bPHI
300 _a354
650 _aBBA
700 _aKUMAR, S
942 _2ddc
_cBK
999 _c6951
_d6951